The Story of Time (Record no. 6512)
[ view plain ]
| 000 -LEADER | |
|---|---|
| fixed length control field | 00208nam a22000857a 4500 |
| 008 - FIXED-LENGTH DATA ELEMENTS--GENERAL INFORMATION | |
| fixed length control field | 170601b xxu||||| |||| 00| 0 eng d |
| 100 ## - MAIN ENTRY--PERSONAL NAME | |
| 9 (RLIN) | 3200 |
| Personal name | Berry. N |
| 245 ## - TITLE STATEMENT | |
| Title | The Story of Time |
| 260 ## - PUBLICATION, DISTRIBUTION, ETC. (IMPRINT) | |
| Place of publication, distribution, etc. | New Delhi |
| Name of publisher, distributor, etc. | CBT |
| Date of publication, distribution, etc. | 2001 |
No items available.